Franco y Hitler : (Record no. 24489)

MARC details
000 -LEADER
campo de control de longitud fija 01955cam a2200289 i 4500
001 - NÚMERO DE CONTROL
campo de control 115068
005 - FECHA Y HORA DE LA ÚLTIMA TRANSACCIÓN
campo de control 20230410103722.0
008 - DATOS DE LONGITUD FIJA--INFORMACIÓN GENERAL
campo de control de longitud fija 140310b2008 ilua 000 0 eng
020 ## - NÚMERO INTERNACIONAL ESTÁNDAR DEL LIBRO
Número Internacional Estándar del Libro 9788497347099
041 0# - CÓDIGO DE IDIOMA
Código de lengua del texto/banda sonora o título independiente SPA
050 14 - SIGNATURA TOPOGRÁFICA DE LA BIBLIOTECA DEL CONGRESO
Número de clasificación 315 DP 86
Número de ítem P346f 2008
100 1# - ENTRADA PRINCIPAL--NOMBRE DE PERSONA
Nombre de persona Payne, Stanley G.
245 00 - MENCIÓN DEL TÍTULO
Título Franco y Hitler :
Resto del título España, Alemania, La Segunda Guerra Mundial y El Holocausto /
Mención de responsabilidad, etc. Stanley G. Payne
260 ## - PUBLICACIÓN, DISTRIBUCIÓN, ETC.
Lugar de publicación, distribución, etc. España :
Nombre del editor, distribuidor, etc. La Esfera de Libros,
Fecha de publicación, distribución, etc. c2008
300 ## - DESCRIPCIÓN FÍSICA
Extensión 473 p. :
Otras características físicas ill.
500 ## - NOTA GENERAL
Nota general Traducción de Jesús Cuéllar Menezo
500 ## - NOTA GENERAL
Nota general Incluye índice y notas bibliográficas
520 ## - RESUMEN, ETC.
Sumario, etc. Este libro de Stanley G. Payne nos proporciona, con su maestría habitual, una visión única de las relaciones entre Franco y Hitler, entre la España del nacionacatolicismo y la Alemania del nacioanlsocialismo, y nos demuestra la cuasi alianza entre ambos dictadores. También señala cómo el Führer terminó considerando al Cauidillo «un charalatán latino» y como éste, que sí quería participar en la gerra, consideraba que «España no puede entrar por gusto». El Gobierno español colaboró con las potencias del Eje mucho más que cualquier otro país neutral a lo largo del conflicto. La fórmula adoptada en 1940 de la «no beligerencia» - inventada por el Duce al estallar la guerra y no poder sus ejércitos entrar aúb eb combate - le posicionaba al lado de Alemania, aunque sin intervenir directamente en el conflicto; y durante casi tres años y medio los intercambios comerciales, económicos, culturales, militares y propagandísticos fueron de gran intensidad.
650 #4 - PUNTO DE ACCESO ADICIONAL DE MATERIA--TÉRMINO DE MATERIA
Término de materia o nombre geográfico como elemento de entrada Alemania
Subdivisión general Historia
650 #4 - PUNTO DE ACCESO ADICIONAL DE MATERIA--TÉRMINO DE MATERIA
Término de materia o nombre geográfico como elemento de entrada Franco, Francisco, 1892-1975.
650 #4 - PUNTO DE ACCESO ADICIONAL DE MATERIA--TÉRMINO DE MATERIA
Término de materia o nombre geográfico como elemento de entrada Hitler, Adolf, 1889-1945.
650 #4 - PUNTO DE ACCESO ADICIONAL DE MATERIA--TÉRMINO DE MATERIA
Término de materia o nombre geográfico como elemento de entrada Holocausto Judío (1939-1945)
Subdivisión general Alemania.
650 #4 - PUNTO DE ACCESO ADICIONAL DE MATERIA--TÉRMINO DE MATERIA
Término de materia o nombre geográfico como elemento de entrada España
Subdivisión general Historia
-- Guerra civil española, 1936-1939.
-- Participación Allemania.
700 1# - ENTRADA AGREGADA--NOMBRE PERSONAL
Nombre de persona Cuéllar Menezo, Jesús
942 ## - ELEMENTOS DE ENTRADA SECUNDARIOS (KOHA)
Fuente del sistema de clasificación o colocación Clasificación de Library of Congress
Tipo de ítem Koha
946 ## - PROCESAMIENTO DE INFORMACIÓN LOCAL (OCLC)
a JaaM
Holdings
Estatus retirado Estado de pérdida Fuente del sistema de clasificación o colocación Estado de daño No para préstamo Colección Biblioteca de origen Biblioteca actual Ubicación en estantería Fecha de adquisición Serial enumeration / chronology Signatura topográfica completa Código de barras Visto por última vez Copia número Tipo de ítem Koha
    Clasificación de Library of Congress     Recursos Regionales Biblioteca Juan Bosch Biblioteca Juan Bosch Recursos Regionales (2do. Piso) 10/04/2023 1 315 DP 86 P346f 2008 00000107870 23/10/2018 1